[Event "35th European Club Cup 2019"]
[Site "Ulcinj"]
[Date "2019.11.16"]
[Round "7.11"]
[White "Netzer, Jacques"]
[Black "Meszaros, Michal"]
[Result "1/2-1/2"]
[WhiteElo "2284"]
[BlackElo "2355"]
[Annotator "NA"]
[PlyCount "149"]
[EventDate "2019.11.10"]
[EventType "team-tourn"]
[EventCountry "MNE"]
[SourceTitle "playchess.com"]
[Source "ChessBase"]
[SourceQuality "1"]
[WhiteTeam "Mulhouse"]
[BlackTeam "Dunajska Streda"]
[TimeControl "40/5400+30:1800+30"]

1. e4 {[%emt 0:00:00]} c5 {[%emt 0:00:00]} 2. Nf3 {[%emt 0:00:05]} d6 {[%emt 0:00:31]} 3. d4 {[%emt 0:00:17]} cxd4 {[%emt 0:00:14]} 4. Nxd4 {[%emt 0:00:05]} Nf6 {[%emt 0:00:16]} 5. Nc3 {[%emt 0:00:06]} a6 {[%emt 0:00:20]} 6. g3 {[%emt 0:00:23]} e5 {[%emt 0:02:07]} 7. Nb3 {[%emt 0:00:37]} Be7 {[%emt 0:03:14]} 8. Bg5 {[%emt 0:00:45]} Nbd7 {[%emt 0:02:55]} 9. a4 {[%emt 0:01:49]} b6 {[%emt 0:01:09]} 10. Bc4 {[%emt 0:03:41]} Bb7 {[%emt 0:01:25]} 11. Qe2 {[%emt 0:40:03]} O-O {[%emt 0:02:27]} 12. Bxf6 {[%emt 0:02:14]} Nxf6 {[%emt 0:00:37]} 13. Rd1 {[%emt 0:01:31]} Qc7 {[%emt 0:02:44]} 14. O-O {[%emt 0:00:12]} Rfc8 {[%emt 0:04:15]} 15. Nd2 {[%emt 0:01:49]} Qc5 {[%emt 0:18:06]} 16. Bb3 {[%emt 0:05:36]} d5 {[%emt 0:29:10]} 17. exd5 {[%emt 0:13:03]} Nxd5 {[%emt 0:00:46]} 18. Nxd5 {[%emt 0:04:31]} Bxd5 {[%emt 0:00:11]} 19. Ne4 {[%emt 0:00:12]} Bc4 {[%emt 0:04:41]} 20. Qf3 {[%emt 0:05:22]} Qc6 {[%emt 0:04:23]} 21. Bxc4 {[%emt 0:00:40]} Qxc4 {[%emt 0:00:02]} 22. Rd7 {[%emt 0:00:12]} Qe6 {[%emt 0:02:24]} 23. Rfd1 {[%emt 0:00:15]} h6 {[%emt 0:05:57]} 24. Nc3 {[%emt 0:02:09]} Rab8 {[%emt 0:06:18]} 25. Nd5 {[%emt 0:06:46]} Bd8 {[%emt 0:01:59]} 26. Nb4 {[%emt 0:01:42]} Qf6 {[%emt 0:06:01]} 27. Qe4 {[%emt 0:02:21]} a5 {[%emt 0:00:45]} 28. R1d6 {[%emt 0:00:39]} axb4 {[%emt 0:00:29]} 29. Rxf6 {[%emt 0:00:10]} Bxf6 {[%emt 0:00:01]} 30. Qxb4 {[%emt 0:03:09]} Rxc2 {[%emt 0:00:24]} 31. a5 {[%emt 0:00:06]} e4 {[%emt 0:00:41]} 32. a6 {[%emt 0:00:04]} e3 {[%emt 0:00:34]} 33. fxe3 {[%emt 0:00:36]} Rxb2 {[%emt 0:00:16]} 34. Qc4 {[%emt 0:03:25]} b5 {[%emt 0:00:06]} 35. Qc5 {[%emt 0:02:00]} Re8 {[%emt 0:01:21]} 36. a7 {[%emt 0:00:39]} Bg5 {[%emt 0:00:13]} 37. Rd3 {[%emt 0:00:38]} Re2 {[%emt 0:00:47]} 38. Qc6 {[%emt 0:00:30]} Bxe3+ {[%emt 0:00:36]} 39. Rxe3 {[%emt 0:00:30]} R2xe3 {[%emt 0:00:05]} 40. a8=Q {[%emt 0:00:00]} Rxa8 {[%emt 0:00:00]} 41. Qxa8+ {[%emt 0:01:22]} Kh7 {[%emt 0:00:42]} 42. Qb7 {[%emt 0:01:22]} Kg8 {[%emt 0:02:51]} 43. Qxb5 {[%emt 0:11:58]} g5 {[%emt 0:07:59]} 44. Kf2 {[%emt 0:02:49]} Re6 {[%emt 0:00:24]} 45. Kf3 {[%emt 0:00:32]} Kg7 {[%emt 0:01:52]} 46. Kg4 {[%emt 0:00:31]} Kg8 {[%emt 0:01:54]} 47. Kh5 {[%emt 0:02:52]} Kg7 {[%emt 0:04:12]} 48. Qf5 {[%emt 0:03:04]} Rg6 {[%emt 0:00:12]} 49. Qe5+ {[%emt 0:00:16]} Kg8 {[%emt 0:00:39]} 50. Qe8+ {[%emt 0:00:30]} Kg7 {[%emt 0:00:02]} 51. Qe5+ {[%emt 0:00:04]} Kg8 {[%emt 0:00:08]} 52. Kg4 {[%emt 0:01:35]} Re6 {[%emt 0:00:20]} 53. Qb2 {[%emt 0:00:43]} Rg6 {[%emt 0:01:48]} 54. Kf5 {[%emt 0:00:36]} Re6 {[%emt 0:02:11]} 55. Qd4 {[%emt 0:00:44]} Rg6 {[%emt 0:01:28]} 56. Qd8+ {[%emt 0:00:39]} Kg7 {[%emt 0:00:13]} 57. Qd4+ {[%emt 0:00:02]} Kg8 {[%emt 0:00:06]} 58. Qc3 {[%emt 0:04:36]} Re6 {[%emt 0:00:27]} 59. Qa1 {[%emt 0:00:06]} Rg6 {[%emt 0:00:09]} 60. Qd4 {[%emt 0:01:22]} Re6 {[%emt 0:04:04]} 61. Kg4 {[%emt 0:00:06]} Rg6 {[%emt 0:00:12]} 62. Kh5 {[%emt 0:00:03]} Re6 {[%emt 0:01:20]} 63. Qg4 {[%emt 0:00:55]} Kg7 {[%emt 0:00:40]} 64. Qf5 {[%emt 0:00:51]} Rg6 {[%emt 0:00:16]} 65. Qe5+ {[%emt 0:01:00]} Kg8 {[%emt 0:00:04]} 66. h3 {[%emt 0:02:08]} Kh7 {[%emt 0:01:07]} 67. Qf5 {[%emt 0:01:11]} Kg7 {[%emt 0:00:09]} 68. Qe5+ {[%emt 0:00:12]} Kh7 {[%emt 0:00:01]} 69. Qe4 {[%emt 0:00:34]} Kg7 {[%emt 0:00:14]} 70. Qd4+ {[%emt 0:00:03]} Kg8 {[%emt 0:00:25]} 71. Qd3 {[%emt 0:00:28]} Kg7 {[%emt 0:00:17]} 72. Qc3+ {[%emt 0:00:41]} Kg8 {[%emt 0:00:03]} 73. Qc8+ {[%emt 0:01:21]} Kg7 {[%emt 0:00:02]} 74. Qc3+ {[%emt 0:00:37]} Kg8 {[%emt 0:00:01]} 75. Qe5 {[%emt 0:00:56]} 1/2-1/2

[Event "35th European Club Cup 2019"]
[Site "Ulcinj"]
[Date "2019.11.16"]
[Round "7.11"]
[White "Buzeti, Jernej"]
[Black "Goormachtigh, Johan"]
[Result "1/2-1/2"]
[WhiteElo "2211"]
[BlackElo "2180"]
[Annotator "NA"]
[PlyCount "79"]
[EventDate "2019.11.10"]
[EventType "team-tourn"]
[EventCountry "MNE"]
[SourceTitle "playchess.com"]
[Source "ChessBase"]
[SourceQuality "1"]
[WhiteTeam "Maribor"]
[BlackTeam "KGSRL Gent"]
[TimeControl "40/5400+30:1800+30"]

1. e4 {[%emt 0:00:00]} c5 {[%emt 0:00:00]} 2. Nf3 {[%emt 0:00:00]} e6 {[%emt 0:00:13]} 3. d4 {[%emt 0:00:11]} cxd4 {[%emt 0:00:06]} 4. Nxd4 {[%emt 0:00:07]} Nc6 {[%emt 0:00:07]} 5. Nc3 {[%emt 0:00:07]} Qc7 {[%emt 0:00:34]} 6. Be3 {[%emt 0:00:26]} a6 {[%emt 0:00:16]} 7. Qd2 {[%emt 0:00:08]} Nf6 {[%emt 0:00:46]} 8. O-O-O {[%emt 0:00:11]} Bb4 {[%emt 0:01:31]} 9. f3 {[%emt 0:01:00]} O-O {[%emt 0:00:12]} 10. a3 {[%emt 0:05:44]} Be7 {[%emt 0:01:04]} 11. g4 {[%emt 0:00:30]} b5 {[%emt 0:00:34]} 12. g5 {[%emt 0:04:34]} Nh5 {[%emt 0:00:50]} 13. Nce2 {[%emt 0:12:07]} b4 {[%emt 0:06:38]} 14. Nxc6 {[%emt 0:24:55]} dxc6 {[%emt 0:00:42]} 15. Ng3 {[%emt 0:03:07]} bxa3 {[%emt 0:10:45]} 16. b3 {[%emt 0:00:07]} Rd8 {[%emt 0:39:47]} 17. Bd3 {[%emt 0:03:33]} g6 {[%emt 0:02:46]} 18. Nxh5 {[%emt 0:02:24]} gxh5 {[%emt 0:00:01]} 19. f4 {[%emt 0:08:19]} a5 {[%emt 0:00:44]} 20. e5 {[%emt 0:14:21]} a4 {[%emt 0:04:20]} 21. Qc3 {[%emt 0:11:17]} axb3 {[%emt 0:04:53]} 22. cxb3 {[%emt 0:00:14]} Ba6 {[%emt 0:13:01]} 23. Be4 Be2 {[%emt 0:06:07]} 24. Rde1 {[%emt 0:05:16]} Bb5 {[%emt 0:02:14]} 25. Kb1 {[%emt 0:01:34]} Qa5 {[%emt 0:01:27]} 26. Qxa5 {[%emt 0:01:39]} Rxa5 {[%emt 0:00:02]} 27. Bb6 {[%emt 0:00:22]} Rda8 {[%emt 0:02:52]} 28. Bxa5 {[%emt 0:00:18]} Rxa5 {[%emt 0:00:01]} 29. Ka2 {[%emt 0:00:44]} Bb4 {[%emt 0:01:09]} 30. Rd1 {[%emt 0:00:25]} Be2 {[%emt 0:00:31]} 31. Rd8+ {[%emt 0:00:52]} Kg7 {[%emt 0:00:02]} 32. Rc1 {[%emt 0:00:11]} c5 {[%emt 0:00:20]} 33. Rc2 {[%emt 0:00:54]} Bb5 {[%emt 0:00:29]} 34. h4 {[%emt 0:00:35]} Ra7 {[%emt 0:00:30]} 35. f5 exf5 {[%emt 0:00:15]} 36. Bxf5 {[%emt 0:00:29]} Re7 {[%emt 0:00:16]} 37. Rd5 {[%emt 0:00:27]} Rc7 {[%emt 0:00:41]} 38. Rd8 {[%emt 0:00:43]} Re7 {[%emt 0:01:07]} 39. Rd5 {[%emt 0:00:33]} Rc7 {[%emt 0:00:12]} 40. Rd8 {[%emt 0:00:00]} 1/2-1/2

[Event "35th European Club Cup 2019"]
[Site "Ulcinj"]
[Date "2019.11.16"]
[Round "7.12"]
[White "Kryakvin, Dmitry"]
[Black "Van Ketel, Raoul"]
[Result "1-0"]
[WhiteElo "2605"]
[BlackElo "2212"]
[Annotator "ChessBase"]
[PlyCount "81"]
[EventDate "2019.11.10"]
[EventType "team-tourn"]
[EventCountry "MNE"]
[SourceTitle "playchess.com"]
[Source "ChessBase"]
[SourceQuality "1"]
[WhiteTeam "Molodezka"]
[BlackTeam "LSG IntelliMagic"]
[TimeControl "40/5400+30:1800+30"]

1. Nf3 {[%emt 0:00:00]} Nf6 {[%emt 0:01:07]} 2. c4 {[%emt 0:00:00]} e6 {[%emt 0:00:26]} 3. g3 {[%emt 0:00:00]} d5 {[%emt 0:00:45]} 4. b3 {[%emt 0:00:09]} c5 {[%emt 0:02:14]} 5. Bg2 {[%emt 0:00:31]} Nc6 {[%emt 0:00:59]} 6. O-O {[%emt 0:01:12]} Be7 {[%emt 0:01:20]} 7. e3 {[%emt 0:01:53]} O-O {[%emt 0:02:38]} 8. Bb2 {[%emt 0:00:10]} b6 {[%emt 0:03:29]} 9. Nc3 {[%emt 0:02:15]} Ba6 {[%emt 0:02:10]} 10. Qe2 {[%emt 0:02:08]} Rc8 {[%emt 0:01:39]} 11. d3 {[%emt 0:06:25]} Qd7 {[%emt 0:13:15]} 12. Rad1 {[%emt 0:03:58]} Rfe8 {[%emt 0:16:54]} 13. h3 {[%emt 0:08:01]} h6 {[%emt 0:11:08]} 14. g4 {[%emt 0:04:30]} Rcd8 {[%emt 0:07:51]} 15. Nb5 {[%emt 0:06:30]} Bb7 {[%emt 0:09:05]} 16. Rfe1 {[%emt 0:13:01]} a6 {[%emt 0:03:03]} 17. Na3 {[%emt 0:00:38]} Qc7 {[%emt 0:03:34]} 18. Rc1 {[%emt 0:04:50]} Qb8 {[%emt 0:01:14]} 19. Red1 {[%emt 0:00:36]} d4 {[%emt 0:01:11]} 20. Nc2 {[%emt 0:07:25]} e5 {[%emt 0:00:30]} 21. Nd2 {[%emt 0:00:29]} Bf8 {[%emt 0:02:29]} 22. Ne4 {[%emt 0:00:37]} Nxe4 {[%emt 0:00:59]} 23. Bxe4 {[%emt 0:02:35]} Ne7 {[%emt 0:03:31]} 24. Qf3 {[%emt 0:03:11]} Bxe4 {[%emt 0:01:25]} 25. Qxe4 {[%emt 0:00:08]} Ng6 {[%emt 0:00:04]} 26. Ne1 {[%emt 0:02:01]} Qa8 {[%emt 0:02:03]} 27. Nf3 {[%emt 0:03:25]} Qxe4 {[%emt 0:01:57]} 28. dxe4 {[%emt 0:00:35]} Bd6 {[%emt 0:00:52]} 29. Kf1 {[%emt 0:03:15]} Nf8 {[%emt 0:00:46]} 30. Ke2 {[%emt 0:01:42]} Ne6 {[%emt 0:00:16]} 31. h4 {[%emt 0:01:41]} g6 {[%emt 0:00:44]} 32. Rh1 {[%emt 0:01:07]} Nc7 {[%emt 0:04:15]} 33. h5 {[%emt 0:01:13]} Bf8 {[%emt 0:00:02]} 34. g5 {[%emt 0:03:35]} Rd6 {[%emt 0:00:50]} 35. gxh6 {[%emt 0:00:50]} gxh5 {[%emt 0:01:09]} 36. Rxh5 {[%emt 0:00:40]} Rxh6 {[%emt 0:00:28]} 37. Rg1+ {[%emt 0:00:41]} Kh8 {[%emt 0:01:28]} 38. Rxe5 {[%emt 0:00:34]} Bg7 {[%emt 0:00:30]} 39. Rxe8+ {[%emt 0:00:47]} Nxe8 {[%emt 0:00:01]} 40. exd4 {[%emt 0:00:00]} Nc7 {[%emt 0:00:00]} 41. e5 {[%emt 0:02:38]} 1-0

[Event "35th European Club Cup 2019"]
[Site "Ulcinj"]
[Date "2019.11.16"]
[Round "7.12"]
[White "Murzin, Volodar"]
[Black "Bartel, Mateusz"]
[Result "1/2-1/2"]
[WhiteElo "2429"]
[BlackElo "2636"]
[Annotator "TA"]
[PlyCount "116"]
[EventDate "2019.11.10"]
[EventType "team-tourn"]
[EventCountry "MNE"]
[SourceTitle "playchess.com"]
[Source "ChessBase"]
[SourceQuality "1"]
[WhiteTeam "Moscow Chess Team"]
[BlackTeam "Novy Bor"]

{[%evp 12,116,37,34,41,37,24,10,18,6,11,7,37,-55,-46,-55,-46,-46,-46,-58,-34,-29,-8,-39,7,-12,-13,-62,-44,-70,-62,-70,-45,-64,-58,-77,-34,-28,0,0,31,20,11,0,0,-79,-79,-82,-92,-80,-78,-74,-72,-72,-79,-77,-79,-71,-74,-78,-51,-51,-51,-52,-51,-56,-23,-25,-8,-15,-24,-8,-8,-32,0,0,0,0,0,0,0,-10,-11,-6,0,-8,0,-1,-8,-16,-22,-15,-8,-8,-8,-8,-8,-8,-14,-10,-8,-9,0,0,0,-14,0]} 1. e4 e5 2. Nf3 Nc6 3. Bc4 Nf6 4. d3 Be7 5. O-O O-O 6. Re1 d6 7. a4 a5 {C55: Two Knights: 4 d3, 4 d4 exd4 5 e5 and Max Lange Attack} 8. Nbd2 Be6 9. Bxe6 $146 ({Predecessor:} 9. c3 Bxc4 10. Nxc4 Re8 11. Bd2 Bf8 12. b4 axb4 13. cxb4 d5 14. b5 dxc4 15. bxc6 bxc6 16. dxc4 Nd7 17. Qc2 Nc5 18. Be3 Qd3 19. Qxd3 Nxd3 20. Reb1 Ra6 {½-½ (20) Ragger,M (2682)-Safarli,E (2624) Brest 2019}) 9... fxe6 10. Nf1 Nd7 11. c3 Qe8 12. g3 (12. Be3 $14) 12... Qf7 13. Kg2 Nc5 $36 {[%mdl 2048] Black is more active.} 14. h4 d5 15. N1h2 Rad8 {...dxe4 is the strong threat.} 16. Qe2 Qg6 17. Bg5 Rd7 18. Bxe7 Rxe7 19. Qc2 (19. b4 $5 axb4 20. cxb4 $15) 19... Ref7 20. Re2 b6 21. Rf1 h6 22. Ng1 Rd7 23. Ngf3 Rfd8 24. Rb1 dxe4 25. dxe4 Nd3 {White must now prevent ...Nf4+.} 26. Re3 Nb8 {[%cal Bc6b8,Bb8a6,Ba6c5,Bc5e4][%mdl 32]} 27. Kh1 Na6 28. Rg1 (28. Kg1 $11 {keeps the balance.}) 28... Nac5 $17 29. Rf1 Nxe4 {[#] And now ...Ndxf2+ would win.} 30. Nxe5 $1 {[%mdl 512]} Nxe5 31. Qxe4 Qxe4+ 32. Rxe4 Nd3 33. Re2 Nc5 34. b4 Nxa4 35. bxa5 bxa5 36. Ra2 Nxc3 37. Rxa5 Rd5 38. Ra3 Nb5 39. Re3 Nd4 40. Rc1 c5 41. Ng4 Kf7 42. Kg2 h5 43. Ne5+ {The position is equal.} Kf6 44. Nc4 $1 Rb8 45. Ra3 Nf5 46. Ra2 Rb4 47. Rc3 Rb7 48. Rc1 Ke7 49. Ra6 Rc7 50. Ra5 Nd6 51. Ne3 Rd2 52. Raxc5 Rxf2+ {[%mdl 64] [#] Decoy} 53. Kxf2 Ne4+ 54. Kf3 Nxc5 55. g4 hxg4+ 56. Nxg4 Kd6 57. Rd1+ Ke7 58. Rc1 Kd6 {Accuracy: White = 55%, Black = 47%.} 1/2-1/2

[Event "35th European Club Cup 2019"]
[Site "Ulcinj"]
[Date "2019.11.16"]
[Round "7.12"]
[White "Takacs, Laszlo"]
[Black "Richard, Emma"]
[Result "0-1"]
[WhiteElo "2239"]
[BlackElo "2157"]
[Annotator "NA"]
[PlyCount "108"]
[EventDate "2019.11.10"]
[EventType "team-tourn"]
[EventCountry "MNE"]
[SourceTitle "playchess.com"]
[Source "ChessBase"]
[SourceQuality "1"]
[WhiteTeam "Dunajska Streda"]
[BlackTeam "Mulhouse"]
[TimeControl "40/5400+30:1800+30"]

1. e4 {[%emt 0:00:00]} c5 {[%emt 0:00:00]} 2. Nf3 {[%emt 0:00:00]} Nc6 {[%emt 0:00:00]} 3. d4 {[%emt 0:00:00]} cxd4 {[%emt 0:00:00]} 4. Nxd4 {[%emt 0:00:32]} e5 {[%emt 0:00:00]} 5. Nb5 {[%emt 0:00:30]} d6 {[%emt 0:00:30]} 6. N1c3 {[%emt 0:00:30]} a6 {[%emt 0:00:30]} 7. Na3 {[%emt 0:00:30]} Nf6 {[%emt 0:00:30]} 8. Bg5 {[%emt 0:00:30]} Be6 {[%emt 0:00:30]} 9. Nc4 {[%emt 0:00:30]} Rb8 {[%emt 0:00:30]} 10. Ne3 {[%emt 0:00:30]} Be7 {[%emt 0:00:30]} 11. Bxf6 {[%emt 0:00:30]} Bxf6 {[%emt 0:00:30]} 12. Ncd5 {[%emt 0:19:37]} Bg5 {[%emt 0:00:14]} 13. g3 {[%emt 0:00:30]} O-O {[%emt 0:02:02]} 14. Bg2 {[%emt 0:04:41]} b5 {[%emt 0:08:58]} 15. O-O {[%emt 0:03:28]} Bxe3 {[%emt 0:08:55]} 16. Nxe3 {[%emt 0:00:29]} Rc8 {[%emt 0:02:59]} 17. Kh1 {[%emt 0:09:06]} Na5 {[%emt 0:19:07]} 18. f4 {[%emt 0:20:50]} f6 {[%emt 0:07:00]} 19. f5 {[%emt 0:17:51]} Bf7 {[%emt 0:04:54]} 20. a4 {[%emt 0:06:23]} b4 {[%emt 0:01:56]} 21. b3 {[%emt 0:04:29]} Qb6 {[%emt 0:11:54]} 22. Qd2 Kh8 23. Nd5 {[%emt 0:04:14]} Bxd5 {[%emt 0:01:43]} 24. exd5 {[%emt 0:00:04]} Rc3 25. Rae1 {[%emt 0:02:54]} Rfc8 {[%emt 0:02:12]} 26. Be4 {[%emt 0:00:11]} Nb7 27. Qg2 {[%emt 0:00:43]} Qd4 {[%emt 0:14:11]} 28. Rd1 {[%emt 0:00:44]} Qe3 {[%emt 0:00:06]} 29. Rd3 {[%emt 0:01:11]} Rxd3 {[%emt 0:00:59]} 30. Bxd3 {[%emt 0:00:03]} Nc5 {[%emt 0:00:34]} 31. Qe2 {[%emt 0:01:00]} Qxe2 {[%emt 0:00:13]} 32. Bxe2 {[%emt 0:00:06]} a5 {[%emt 0:00:39]} 33. Bb5 {[%emt 0:02:04]} Ne4 {[%emt 0:01:27]} 34. Bc6 {[%emt 0:00:30]} Nc3 {[%emt 0:00:30]} 35. Re1 {[%emt 0:00:32]} Kg8 {[%emt 0:01:17]} 36. Kg2 {[%emt 0:00:09]} Rc7 {[%emt 0:00:56]} 37. Kf3 {[%emt 0:00:31]} Kf7 {[%emt 0:00:26]} 38. Ke3 {[%emt 0:00:35]} Ke7 {[%emt 0:00:15]} 39. Kd3 {[%emt 0:00:42]} Kd8 {[%emt 0:00:34]} 40. Kd2 {[%emt 0:00:00]} Re7 {[%emt 0:00:00]} 41. Kd3 {[%emt 0:11:11]} Kc7 {[%emt 0:01:50]} 42. g4 {[%emt 0:02:09]} Kb6 {[%emt 0:06:43]} 43. Kc4 {[%emt 0:01:03]} Rc7 {[%emt 0:00:30]} 44. h4 {[%emt 0:04:08]} h6 {[%emt 0:05:09]} 45. g5 {[%emt 0:04:34]} fxg5 {[%emt 0:00:30]} 46. hxg5 {[%emt 0:00:07]} Rf7 {[%emt 0:00:52]} 47. f6 {[%emt 0:01:37]} hxg5 {[%emt 0:00:30]} 48. fxg7 {[%emt 0:00:30]} Rxg7 {[%emt 0:00:30]} 49. Rh1 {[%emt 0:00:30]} Rf7 {[%emt 0:10:35]} 50. Rh8 {[%emt 0:00:46]} Rf4+ {[%emt 0:00:12]} 51. Kd3 {[%emt 0:00:07]} Kc5 {[%emt 0:02:24]} 52. Rg8 {[%emt 0:01:53]} e4+ {[%emt 0:02:15]} 53. Kd2 {[%emt 0:00:47]} Rf2+ {[%emt 0:01:41]} 54. Ke1 {[%emt 0:00:40]} Rxc2 {[%emt 0:01:34]} 0-1

[Event "35th European Club Cup 2019"]
[Site "Ulcinj"]
[Date "2019.11.16"]
[Round "7.12"]
[White "Vanheirzeele, Daniel"]
[Black "Bratkovic, Sham"]
[Result "1/2-1/2"]
[WhiteElo "2105"]
[BlackElo "2232"]
[Annotator "NA"]
[PlyCount "28"]
[EventDate "2019.11.10"]
[EventType "team-tourn"]
[EventCountry "MNE"]
[SourceTitle "playchess.com"]
[Source "ChessBase"]
[SourceQuality "1"]
[WhiteTeam "KGSRL Gent"]
[BlackTeam "Maribor"]
[TimeControl "40/5400+30:1800+30"]

1. d4 {[%emt 0:00:00]} d5 {[%emt 0:01:18]} 2. Nf3 {[%emt 0:00:00]} Nf6 {[%emt 0:01:19]} 3. g3 {[%emt 0:00:00]} c6 {[%emt 0:01:51]} 4. Bg2 {[%emt 0:00:07]} Bf5 {[%emt 0:02:37]} 5. c4 {[%emt 0:00:59]} e6 {[%emt 0:01:21]} 6. Nc3 {[%emt 0:00:26]} Nbd7 {[%emt 0:03:31]} 7. Qb3 {[%emt 0:19:28]} Qc8 {[%emt 0:05:51]} 8. Nh4 {[%emt 0:09:27]} Bg6 {[%emt 0:03:43]} 9. O-O {[%emt 0:14:31]} Bd6 {[%emt 0:05:38]} 10. Nxg6 {[%emt 0:06:37]} hxg6 {[%emt 0:00:23]} 11. Bg5 {[%emt 0:00:13]} Nh7 {[%emt 0:10:12]} 12. Bd2 {[%emt 0:01:16]} Nhf6 {[%emt 0:07:16]} 13. Bg5 {[%emt 0:02:15]} Nh7 {[%emt 0:07:49]} 14. Bd2 {[%emt 0:00:05]} Nhf6 {[%emt 0:00:07]} 1/2-1/2

[Event "35th European Club Cup 2019"]
[Site "Ulcinj"]
[Date "2019.11.16"]
[Round "7.13"]
[White "Sjugirov, Sanan"]
[Black "Dominguez Perez, Leinier"]
[Result "1/2-1/2"]
[WhiteElo "2657"]
[BlackElo "2762"]
[Annotator "TA"]
[PlyCount "204"]
[EventDate "2019.11.10"]
[EventType "team-tourn"]
[EventCountry "MNE"]
[SourceTitle "playchess.com"]
[Source "ChessBase"]
[SourceQuality "1"]
[WhiteTeam "Law & Order"]
[BlackTeam "Mednyi Vsadnik"]

{[%evp 14,204,16,10,8,13,13,15,12,19,7,6,12,0,18,0,0,0,0,0,0,0,0,0,0,0,0,0,0,0,0,-25,-24,-29,-10,-27,-32,-25,10,-32,-33,-55,-62,-54,-46,-67,-39,-39,-39,-45,-56,-114,-87,-81,-91,-91,-80,-47,-52,-158,-95,-95,-95,-113,-114,-110,-95,-95,-91,-100,-91,-91,-91,-95,-95,-95,-95,-95,-95,-95,-91,-91,0,-95,-95,-95,-95,-95,-95,-95,-95,-95,-95,-95,-95,-95,-95,-95,-95,-95,-95,-95,-95,-95,-99,-100,-100,-100,-100,-100,-100,-100,-100,-100,-100,-100,-106,-106,-77,-77,0,-107,0,-77,-77,-77,-77,-77,-77,-91,-53,-78,-78,-85,0,0,0,-10,0,0,0,0,0,0,0,0,0,0,0,0,0,0,0,0,0,0,0,0,0,0,0,0,0,0,0,0,0,0,0,0,0,0,0,0,0,0,0,0,0,0,0,0,0,0,0,0,0,0,0,0,-8,-8,0]} 1. d4 Nf6 2. c4 e6 3. Nf3 d5 4. Nc3 Bb4 5. Bg5 h6 6. Bxf6 Qxf6 7. Qa4+ Nc6 8. e3 O-O {D38: Queen's Gambit Declined: Ragozin Defence (4 Nf3 Bb4)} 9. Be2 dxc4 10. O-O Bd7 11. Bxc4 Bxc3 12. bxc3 Rfd8 {With the idea ...Nxd4.} 13. Qa3 Qe7 14. Qb2 Na5 {[#]} 15. Be2 $146 ({Predecessor:} 15. Bd3 c5 16. e4 {½-½ (67) Shankland,S (2661)-Aronian,L (2770) Tsaghkadzor 2015}) 15... c5 16. Ne5 Rac8 17. Nxd7 Rxd7 18. Rfd1 cxd4 19. cxd4 Rdc7 20. Rac1 Nc4 21. Qb3 {[%cal Rc1c4]} Nd6 22. Rxc7 Qxc7 23. Bd3 Qa5 24. e4 Rc3 25. Qb1 b5 (25... Qa4 {seems wilder.} 26. e5 Nc4 27. h4 Nb6 28. Bh7+ Kf8) 26. h3 b4 27. Bf1 g6 28. Bd3 Kg7 29. Qb2 Qb6 30. e5 $1 {[%cal Re5d6]} Nc8 31. Be4 Ne7 32. Qd2 (32. d5 $15 exd5 33. Bxd5) 32... a5 33. d5 exd5 34. Bxd5 Nxd5 35. Qxd5 $17 {[%mdl 4096] Endgame KQR-KQR} Rc2 36. e6 ({White has to play} 36. Rd4 $1 $15) 36... Rxf2 ({Black should play} 36... Qxf2+ 37. Kh1 Rxa2 38. exf7 Re2) 37. Qe5+ Rf6+ 38. Kh1 Qxe6 39. Qxa5 Qe4 40. Qc5 Rf4 41. a3 bxa3 42. Qxa3 Rf2 {[%csl Gf2][%cal Re4g2] [#]} 43. Qc3+ Kh7 {[%csl Gf2][%cal Re4g2]} 44. Qg3 Qe2 45. Ra1 Qb2 46. Re1 Qd4 47. Qe3 Qb2 (47... Qf6 {feels hotter.} 48. Qe5 Qc6 49. Qg3 Qc5 50. Kh2 Qd4) 48. Qg3 $1 h5 49. Kg1 Rf5 50. Qe3 Qf6 51. Rd1 Rf4 52. Re1 Kg7 53. Rd1 h4 54. Re1 g5 55. Kh2 Rf5 56. Kg1 Ra5 57. Kh2 Rd5 58. Kg1 Rf5 59. Rd1 Re5 60. Qf2 Qe6 61. Qd4 Kg6 62. Qd3+ Kh6 63. Qc3 f6 64. Rf1 Kg7 65. Qc7+ Kg6 66. Qc2+ Kg7 67. Qc7+ Kg6 68. Qc2+ f5 69. Qc3 Re3 70. Qb4 Re2 71. Qc5 f4 72. Rf2 Re1+ 73. Rf1 {[#]} f3 $1 {[%mdl 512]} 74. Qc2+ $11 {The position is equal.} (74. gxf3 Rxf1+) 74... Kh6 75. Qf2 Rxf1+ 76. Kxf1 fxg2+ 77. Kxg2 {KQ-KQ} Qe5 78. Qf3 Kg6 79. Qc6+ Kf5 80. Qf3+ Qf4 81. Qd5+ Kf6 82. Qc6+ Ke5 {Strongly threatening ...Qe4+.} 83. Qc5+ Ke4 84. Qc4+ Ke3 85. Qb3+ Ke2 86. Qb5+ Ke1 87. Qb1+ Kd2 88. Qb2+ Kd3 89. Qb3+ Ke2 90. Qb5+ Ke3 {( -> ...Qg3+)} 91. Qb3+ Kd4 92. Qb4+ Kd5 93. Qb5+ Kd6 94. Qb6+ Kd7 {White must now prevent ...Qg3+.} 95. Qb7+ Kd8 96. Qd5+ Ke7 {And now ...Qg3+ would win.} 97. Qb7+ Ke6 {Threatens to win with ...Qg3+.} (97... Kd6 $5 {[%cal Rf4g3]} 98. Qb8+ Kc6 99. Qxf4 gxf4 $11) 98. Qc6+ Qd6 99. Qxd6+ Kxd6 100. Kf3 Ke5 101. Ke3 Kf5 102. Kf3 $1 Ke5 {Accuracy: White = 75%, Black = 66%.} 1/2-1/2